000 00298nam a22001337a 4500
008 180906b xxu||||| |||| 00| 0 eng d
020 _a9780880482486
041 _aeng
080 _a616
100 _a9
101 _aSHM
245 _aAmerican Rewiew Of Psychiatry
_cTasman.A
942 _2udc
_cBK
999 _c47569
_d47569